<?xml version="1.0" encoding="UTF-8"?><?xml-stylesheet type="text/xsl" href="static/style.xsl"?><OAI-PMH xmlns="http://www.openarchives.org/OAI/2.0/" xmlns:xsi="http://www.w3.org/2001/XMLSchema-instance" xsi:schemaLocation="http://www.openarchives.org/OAI/2.0/ http://www.openarchives.org/OAI/2.0/OAI-PMH.xsd"><responseDate>2026-04-18T01:33:34Z</responseDate><request verb="GetRecord" identifier="oai:www.recercat.cat:20.500.14342/4681" metadataPrefix="marc">https://recercat.cat/oai/request</request><GetRecord><record><header><identifier>oai:recercat.cat:20.500.14342/4681</identifier><datestamp>2025-03-11T20:24:45Z</datestamp><setSpec>com_2072_482405</setSpec><setSpec>com_2072_183628</setSpec><setSpec>col_2072_482411</setSpec></header><metadata><record xmlns="http://www.loc.gov/MARC21/slim" xmlns:dcterms="http://purl.org/dc/terms/" xmlns:xsi="http://www.w3.org/2001/XMLSchema-instance" xmlns:doc="http://www.lyncode.com/xoai" xsi:schemaLocation="http://www.loc.gov/MARC21/slim http://www.loc.gov/standards/marcxml/schema/MARC21slim.xsd">
   <leader>00925njm 22002777a 4500</leader>
   <datafield ind2=" " ind1=" " tag="042">
      <subfield code="a">dc</subfield>
   </datafield>
   <datafield ind2=" " ind1=" " tag="720">
      <subfield code="a">Pérez Testor, Susana</subfield>
      <subfield code="e">author</subfield>
   </datafield>
   <datafield ind2=" " ind1=" " tag="720">
      <subfield code="a">Pérez Testor, Teresa</subfield>
      <subfield code="e">author</subfield>
   </datafield>
   <datafield ind2=" " ind1=" " tag="720">
      <subfield code="a">Nieto-Guisado, Ainhoa</subfield>
      <subfield code="e">author</subfield>
   </datafield>
   <datafield ind2=" " ind1=" " tag="260">
      <subfield code="c">2024-12</subfield>
   </datafield>
   <datafield ind2=" " ind1=" " tag="520">
      <subfield code="a">La dansa és un llenguatge corporal que pot ajudar les persones grans amb&#xd;
demència a mantenir-se actives, reduir el sedentarisme i participar en experiències noves.&#xd;
Es presenten breument quatre projectes realitzats a Catalunya: «Programa Alzheimer&#xd;
CCCB», «Moviment i cultura», «Ballant amb l’Alzheimer» i «La Dansa s’Apropa». En&#xd;
aquestes experiències artístiques les persones grans han participat en sessions de dansa&#xd;
adaptades a les seves capacitats, on queda palès que el llenguatge de la dansa, juntament&#xd;
amb altres llenguatges artístics, és una eina valuosa que pot ajudar les persones a viure una&#xd;
vida més saludable i que aporta benestar.</subfield>
   </datafield>
   <datafield ind2=" " ind1=" " tag="520">
      <subfield code="a">La danza es un lenguaje corporal que puede ayudar a las personas mayores&#xd;
con demencia a mantenerse activas, reducir el sedentarismo y participar en nuevas&#xd;
experiencias. Se presentan brevemente cuatro proyectos realizados en Cataluña:&#xd;
«Programa Alzheimer CCCB», «Movimiento y cultura», «Bailando con el Alzheimer» y «La&#xd;
danza se acerca». En estas experiencias artísticas, las personas mayores han participado en&#xd;
sesiones de danza adaptadas a sus capacidades, donde queda patente que el lenguaje de la&#xd;
danza, junto con otros lenguajes artísticos, es una valiosa herramienta que puede ayudar a&#xd;
las personas a vivir una vida más saludable y que aporta bienestar.</subfield>
   </datafield>
   <datafield ind2=" " ind1=" " tag="520">
      <subfield code="a">Dance is a corporal language that can help senior citizens with dementia maintain themselves active. Dance also helps reduce a sedentary lifestyle and allow for new experiences. We present four projects created in Catalonia: «Alzheimer’s Program CCC «Movement and Culture», «Dancing with Alzheimer», «Dance Approaches». These four projects have allowed senior citizens to participate in various sessions, which are adapted to their necessities and abilities. With these artistic experiences, it is evident that the art of dancing, combined with other artistic expressions, is a valuable tool that can help human beings live a much healthier lifestyle and delivers a positive wellbeing.</subfield>
   </datafield>
   <datafield ind1="8" ind2=" " tag="024">
      <subfield code="a">http://hdl.handle.net/20.500.14342/4681</subfield>
   </datafield>
   <datafield ind1="8" ind2=" " tag="024">
      <subfield code="a">https://doi.org/10.1344/LSC-2024.22.8</subfield>
   </datafield>
   <datafield tag="653" ind2=" " ind1=" ">
      <subfield code="a">Dansateràpia</subfield>
   </datafield>
   <datafield tag="653" ind2=" " ind1=" ">
      <subfield code="a">Demència</subfield>
   </datafield>
   <datafield tag="653" ind2=" " ind1=" ">
      <subfield code="a">Persones grans</subfield>
   </datafield>
   <datafield ind2="0" ind1="0" tag="245">
      <subfield code="a">La dansa com a experiència artística per a persones grans amb demència</subfield>
   </datafield>
</record></metadata></record></GetRecord></OAI-PMH>